Statistics for Most Guessed Capitals on Most Guessed Capitals Quiz

Click here to take the quiz!

General Stats

  • This quiz has been taken 86 times
  • The average score is 5 of 6

Answer Stats

% Original% GuessedCapital% Correct
86%99%London
100%
90%99%Paris
99%
84%99%Washington D.C.
99%
86%96%Rome
91%
77%96%Tokyo
83%
80%96%Moscow
70%

Score Distribution

Percentile by Number Answered

Percent of People with Each Score

Your Score History

You have not taken this quiz